000 00760cam a2200205 i 4500
005 20260305211433.0
008 221024s2021 mnu b 001 0 eng
020 _a9798895453278
040 _aKABLIB
_beng
_erda
_cKABLIB
082 _223
_a344.7301
_bFIN
100 1 _aFinkin, Matthew W.,
_eauthor.
_915630
245 1 0 _a2025 statutory appendix and case supplement to Cox, Bok & Gorman's labor law :
_bcases and materials /
_cMatthew W. Finkin, Timothy P. Glynn
250 _a18th ed.
260 _aEagan :
_bFoundation Press,
_cc2024
300 _avii, 197 p. ;
_c26 cm.
490 0 _aUniversity casebook series
650 0 _aLabor laws and legislation
_zUnited States
_vCases.
_912365
700 1 _aGlynn, Timothy P.,
_d1967-
_eauthor.
_915631
942 _2ddc
_cBOOK
999 _c6156
_d6156